Process Dynamics and Control (Record no. 33959)

MARC details
000 -LEADER
fixed length control field 00463nam a2200193Ia 4500
020 ## - INTERNATIONAL STANDARD BOOK NUMBER
ISBN 978-0-471-00077-8
050 ## - CALL MARK
Classification number TP155.75.S43
100 ## - STATEMENT OF RESPONSIBILITY--MAIN AUTHOR NAME
Personal name Seborg Dale E
245 #0 - TITLE STATEMENT
Title Process Dynamics and Control
250 ## - EDITION / VOLUME STATEMENT
Edition / Volume statement 2nd ed.
260 ## - PUBLICATION, DISTRIBUTION, ETC. (IMPRINT)
Place of publication New Jersey
260 ## - PUBLICATION, DISTRIBUTION, ETC. (IMPRINT)
Name of publisher John Wiley and Son
260 ## - PUBLICATION, DISTRIBUTION, ETC. (IMPRINT)
Year of publication 2004
300 ## - PHYSICAL DESCRIPTION
Number of Pages 713 p
650 ## - SUBJECT ADDED ENTRY--TOPICAL TERM
Topical Term Chmical Process Control
942 ## - ADDED ENTRY ELEMENTS (KOHA)
Koha item type Books
Holdings
Withdrawn status Lost status Source of classification or shelving scheme Damaged status Not for loan Permanent Location Current Location Date acquired Accession Number Price effective from Koha item type
    Library of Congress Classification     NILE UNIVERSITY OF NIGERIA - MAIN LIBRARY NILE UNIVERSITY OF NIGERIA - MAIN LIBRARY 04/23/2025 0010104 04/23/2025 Books